Retrospektívy a perspektívy integrácie Čiernej Hory a Srbska do Európskej únie bakalárska práca
Enregistré dans:
| Auteur principal: | |
|---|---|
| Collectivité auteur: | |
| Autres auteurs: | |
| Format: | Livre |
| Langue: | slovaque |
| Publié: |
Bratislava
2011
|
| Tags: |
Pas de tags, Soyez le premier à ajouter un tag!
|
MARC
| LEADER | 00000nam a2200000 4500 | ||
|---|---|---|---|
| 001 | 0150892 | ||
| 005 | 20240320072145.4 | ||
| 041 | 0 | |a slo | |
| 044 | |a SK | ||
| 245 | 1 | 0 | |a Retrospektívy a perspektívy integrácie Čiernej Hory a Srbska do Európskej únie |b bakalárska práca |c Denisa Hurtuková ; školiteľ: Zuzana Silná |
| 264 | 1 | |a Bratislava |c 2011 | |
| 300 | |a 58 s. | ||
| 100 | 1 | |a Hurtuková, Denisa | |
| 700 | 1 | |a Silná, Zuzana | |
| 710 | 2 | |a Obchodná fakulta EU. Katedra medzinárodného obchodu | |